000 00427nam a2200157Ia 4500
008 220204s9999 xx 000 0 und d
082 _a575
_bADV.42
100 _aProvince, Michael A
245 0 _aGenetic dissection of complex traits
260 _aSan Diego
_bAcademic Press
_c2001
490 _aAdvances in Genetics. 42
650 _aGenome partitioning
650 _aGenome scanning
700 _aRao, D C
942 _cBK
999 _c41744
_d41744